00351cam a22001097a 4500008004000000020001500040082002400055245009500079260002500174300001000199650003200209180718b2001 xxu||||| |||| 00| 0 eng d a8186962395 aT19x54 G918/2000-01 aAlternative economic survey, 2000-2001, second generation reforms: delusion of development aDelhibRainbowc2001 a211p. aIndia - Economic conditions